| 000 | 00814nam a2200205 i 4500 | ||
|---|---|---|---|
| 001 | 123165 | ||
| 003 | ES-MaACL | ||
| 005 | 20251015164737.0 | ||
| 007 | t| | ||
| 008 | 070214m19661967sp |||| |cspa d | ||
| 100 | 1 |
_aQueneau, Raymond. _994514 |
|
| 245 | 1 | 4 |
_aLos escritores célebres / _cRaymond Queneau ; traducción de Juan Eduardo Cirlot. |
| 260 |
_aBarcelona : _bGustavo Gili, _c1966-67. |
||
| 300 |
_a3 v. : _bil. ; _c30 cm. |
||
| 505 | 8 |
_aContiene: I ; _tAntigüedad, cristiandad medieval, oriente (396 p.) - II ; _tEuropa medieval, Renacimiento, del Barroco al Prerromanticismo (388 p.) - III ; _tDe Goethe a García Lorca (498 p.) |
|
| 650 | 4 |
_aEscritores- _vBiografías. _9136034 |
|
| 700 | 1 |
_aCirlot, Juan-Eduardo, _d1916-1973 _938898 |
|
| 852 |
_aES-MaACL _jC-33922-24 |
||
| 999 |
_c123165 _d123165 |
||